Akhiyan Mian Jogi Ne / (Record no. 525712)
[ view plain ]
| 000 -LEADER | |
|---|---|
| fixed length control field | 00560nam a22001937a 4500 |
| 003 - CONTROL NUMBER IDENTIFIER | |
| control field | NUST |
| 005 - DATE AND TIME OF LATEST TRANSACTION | |
| control field | 20190704053401.0 |
| 008 - FIXED-LENGTH DATA ELEMENTS--GENERAL INFORMATION | |
| fixed length control field | 190704b ||||| |||| 00| 0 eng d |
| 038 ## - RECORD CONTENT LICENSOR | |
| Staff Name | Waseem |
| 082 ## - DEWEY DECIMAL CLASSIFICATION NUMBER | |
| Classification number | 891.421 |
| Author Mark | MUH |
| 100 ## - MAIN ENTRY--PERSONAL NAME | |
| Personal name | Khan, Muhammad Asif |
| 9 (RLIN) | 14447 |
| 245 ## - TITLE STATEMENT | |
| Title | Akhiyan Mian Jogi Ne / |
| Statement of responsibility, etc. | Muhammad Asif Khan |
| 260 ## - PUBLICATION, DISTRIBUTION, ETC. | |
| Place of publication, distribution, etc. | Lahore : |
| Name of publisher, distributor, etc. | Pakistan Punjabi Adbi Board, |
| Date of publication, distribution, etc. | 1998. |
| 300 ## - PHYSICAL DESCRIPTION | |
| Extent | 216 p. : |
| 500 ## - GENERAL NOTE | |
| General note | Paperback. |
| 880 ## - ALTERNATE GRAPHIC REPRESENTATION | |
| Linkage | 100-01\r |
| Title | محمد آصف خان |
| 880 ## - ALTERNATE GRAPHIC REPRESENTATION | |
| Linkage | 245-02\r |
| Title | آکھیا میاں جوگی نے / |
| 942 ## - ADDED ENTRY ELEMENTS (KOHA) | |
| Source of classification or shelving scheme | |
| Koha item type | Book |
| Withdrawn status | Lost status | Source of classification or shelving scheme | Damaged status | Not for loan | Permanent Location | Current Location | Date acquired | Total Checkouts | Full call number | Barcode | Date last seen | Price effective from | Koha item type |
|---|---|---|---|---|---|---|---|---|---|---|---|---|---|
| Central Library (CL) | Central Library (CL) | 07/04/2019 | 891.421 MUH | CL-E-200 | 07/04/2019 | 07/04/2019 | Book |
